| 000 | 005180000a22001090004500 | ||
|---|---|---|---|
| 100 | 1 | _aOsorio, Juan Esteban | |
| 245 | 1 | 0 | _aUn mecenazgo de verdad |
| 300 | _aVol.0, núm.21 (Junio, 2007), Página 28 | ||
| 520 | _aJulio Mario Santo Domingo donó 17 millones de dólares para la construcción de la nueva biblioteca de Suba que beneficiará a dos millones de bogotanos. ¿Se está inaugurando una nueva época de verdaderas donaciones para la cultura? | ||
| 773 | 0 | _tArcadia / Andrés Felipe Solano, Editor | |
| 942 | _cANA | ||
| 999 |
_c62210 _d62210 |
||